| 000 | 00730nam a22001937a 4500 | ||
|---|---|---|---|
| 003 | JO-AjAnu | ||
| 005 | 20251021101801.0 | ||
| 008 | 251018b jo ||||| |||| 00| 0 ara d | ||
| 020 | _a978-9923-853-02-3 | ||
| 022 | _a2129/4/2025 | ||
| 040 |
_aANU _cJO-AjAnu |
||
| 041 | _hARA | ||
| 100 |
_aتاليف منشورات مجمع اللغة العربية الاردني _99982 _eمؤلف |
||
| 245 |
_aتجربتي مع اللغة العربية _c / مجمع اللغة العربية الأردني |
||
| 260 |
_aعمان : _bمجمع اللغة العربية الأردني، _c2025 |
||
| 300 | _a223 صفحة | ||
| 650 | _vمجمع اللغة العربية- الندوات- اللغة العربية | ||
| 942 |
_2lcc _cBK _n0 |
||
| 999 |
_c34143 _d34143 |
||